00753nam a22002177a 450000500170000001000150001702000270003203500140005903700130007308200090008610000170009524500400011225000060015226000500015827000710020830000240027950000620030394200230036599900190038895201280040720240320104845.0 aENG-139689 a9789354423147c1315.00 aEN-123221 bDBAD/PUB aN21 aVolga963594 aThe Sickle & the Scalpel/cBy Volga a1 aHyderabadbOrient Blackswan Private Ltdc2022 a3-6-752, Himayatnagar bHyderabade500029minfo@orintblackswan.com axi,290p.c21cm(pbk) aTranslated From the Original Telugu By Vasantha Kannbiran 2ddchNcENmVOGe1 c201608d201608 001040708NFICaBL1bBL1d2024-03-20eDBADg1315.00l0oN VOGpEN-123221r2024-03-20 00:00:00t1v1315.00w2024-03-20yEN